000 01023nam a22003137a 4500
003 CHAP
005 20220329143557.0
008 100621s1961 us a r 00010 eng d
010 _a98766
011 _a99738
020 _a0804718628
035 _a110424
040 _cCHAP
082 1 4 _a581.973
_bT36
100 1 _aThomas, John Hunter
_9112843
245 1 0 _aFlora of the Santa Cruz mountains of California:
_ba manual of the vascular plants
_c/por John Hunter Thomas
260 _aCalifornia :
_bStanford University Press,
_c1961
300 _a434 p. :
_bilus.
590 _aBATCH-UPD
_b10
_c20130110
_lUCH01
_h1506
590 _aBATCH-UPD
_b10
_c20130410
_lUCH01
_h0925
590 _aBATCH-UPD
_b10
_c20130914
_lUCH01
_h0738
590 _aCONVERSION
_b10
_c20130109
_lUCH01
_h1355
650 1 4 _aBotánica
_xCalifornia.
_914507
650 1 4 _aFlora alpina.
_941317
650 1 4 _aTracheophyta.
_9114572
901 _aBK
942 _cLIBRO
949 _a581.973 T36
_bBC
_cLIBRO
_d33724002178892
_eLIBRO
_gI.c/e
_h112916
_i110424
_sb
999 _c98766
_d98766